Jan Karnowski über die Geschichte der Kaschuben

Titel: Jan Karnowski über die Geschichte der Kaschuben
Verfasser:
In: Pommern, (1996), Seite 299-308
alle Artikel anzeigen
Veröffentlicht: 1996
Format: Aufsatz
Sprache: Deutsch
Kein Bild verfügbar
X
alg: 39206965
001A    $01999:11-11-16 
001B    $01999:26-04-21 $t20:13:41.000 
001D    $01999:11-11-16 
001U    $0utf8 
001X    $00 
002@    $0Aox 
003@    $0392069652 
007A    $0392069652 $aHEB 
007T    $0Herd08709 
010@    $ager 
011@    $a1996 
021A    $aJan Karnowski über die Geschichte der Kaschuben 
028A    $aObracht-Prondzyński $dCezary 
031A    $h299-308 $j1996 
039B    $aIn $8--Aau--. Pommern. - Greifswald : Steinbecker Verl. Rose, 1996. - 468 S.. - Ill., Kt.. - ISBN 3-931483-08-8 $x199600000000000701 $9050939963 
045F    $a305.800943816 $eDDC23BSB 
045F/01 $a305.8009 
045F/03 $g43816 

lok: 39206965 78

exp: 39206965 78 1 #EPN
201B/01 $004-02-21 $t00:19:50.000 
201U/01 $0utf8 
203@/01 $078816564X 
208@/01 $a11-11-16 $be 
209A/01 $a/ $f000 $x00 
220C/01 $aTitelaufnehmer: nk 
244Z/01 $2Trx $#Pomeranija $#Pommern $#Pomoransko $#Pomořansko $#Hinterpommern;Vorpommern;Mittelpommern $#Pomorze Środkowe;Pomorze Przednie $#Pomořansko;Západní Pomořany; Pomořany $8--Trx--Pomorze Zachodnie $x01 $9391303775 
244Z/01 $aGeschichte 1886-1936 $x02 
244Z/01 $#Karnowski, Jan $712409807X $8--Tp1--Karnowski, Jan$Z1886-1939 $x03 $910749745X 
244Z/01 $2Trx $#kašuubid $#kašubai $#kaschubs $#kasubok $#Kaszubi $#Kašubovia $#Kašubové $#Kabatker $#Kabatkowie $8--Trx--Kaschuben $x04 $9391361384 
244Z/01 $2Trx $8--Trx--Einzelbeiträge $x05 $9391384570 
245Z/01 $a08.04.14 $x01 
247C/01 $82080>Marburg/Lahn, Herder-Institut, Forschungsbibliothek, Bibliographieportal $9336309341
LEADER 00000caa a22000002c 4500
001 392069652
003 DE-603
005 20210426201341.0
007 tu
008 161111s1996 xx |||| | u00||u|ger c
035 |a (DE-599)HEB392069652 
040 |a DE-603  |b ger  |c DE-603  |d DE-603 
041 |a ger 
082 0 4 |8 1\u  |a 305.800943816  |q DE-101  |2 23/BSB 
085 |8 1\u  |b 305.8009 
085 |8 1\u  |z 2  |s 43816 
100 1 |a Obracht-Prondzyński, Cezary 
245 0 0 |a Jan Karnowski über die Geschichte der Kaschuben 
264 0 |c 1996 
773 0 8 |i In  |t Pommern  |d Greifswald : Steinbecker Verl. Rose, 1996  |h 468 S., Ill., Kt.  |z 3931483088  |g (1996), Seite 299-308  |w (DE-603)050939963 
924 0 |9 2080  |a (DE-603)78816564X  |b DE-2080  |c HES  |d d  |g /